| 000 | nam a22 4500 | ||
|---|---|---|---|
| 999 |
_c29944 _d29944 |
||
| 008 | 181113b xxu||||| |||| 00| 0 eng d | ||
| 020 | _a9788175980754 | ||
| 050 |
_aKD3756 _b.A28 2005 |
||
| 245 |
_aThe right to information Act,2005 : _bstatement of objects and reasons, FAQs and Schedules / |
||
| 260 |
_aIndia : _bsterling Book House, _c2005 |
||
| 300 |
_aiv, 112p. ; _c19cm. |
||
| 650 |
_aInformation Act _x2005 |
||
| 942 |
_2lcc _cBOOKS _hKD3756 .A28 2005 |
||